000 01012nam a2200325 a 4500
001 29430
003 BD-RjUL
005 20211209051419.0
008 140403s1968 enk b 001 0 eng d
020 _z043700241 (cloth)
020 _z04370005X (pbk)
020 _a0043700241 (cloth)
020 _a004370025X (pbk)
035 _a043700241
_a(BD-RjUL) 29515
040 _aDLC
_cDLC
_dBD-RjUL
_beng
041 _aeng
082 _a170.42
_bKAM 1968
100 1 _aKay, A. W.
_q(A. William)
_989729
245 1 0 _aMoral development :
_ba psychological study of moral growth from childhood to adolescence /
_cWilliam Kay ; with a foreword by John Wilson.
260 _aLondon :
_bAllen & Unwin,
_cc1968.
300 _a[8] 270 p. ;
_c23 cm.
504 _aIncludes bibliographies and index.
650 0 _aEthics.
_989730
650 0 _aChild development.
_95451
650 2 _aMorals.
_955396
650 0 _aChild psychology.
_93848
700 _aJohn Wilson.
_910267
942 _2ddc
_cBK
999 _c29430
_d29430